000 00301nam a2200121 4500
999 _c10927
_d10927
003 OSt
005 20221031164055.0
008 221031b ||||| |||| 00| 0 eng d
100 _aCity planning
245 _aNational building code of India 1983
260 _bBureau of Indian standards
942 _2ddc